Constitución de los atenienses

Uloženo v:
Podrobná bibliografie
Hlavní autor: Aristóteles, 384 a.C.- 322 a.C (Autor)
Médium: Kniha
Jazyk:Starořečtina
španělština
Vydáno: Madrid Abada Editores 2005
Témata:
Tagy: Přidat tag
Žádné tagy, Buďte první, kdo vytvoří štítek k tomuto záznamu!

MARC

LEADER 00000cam a2200000 a 4500
001 UCF6048
003 CL-VaPUC
008 130411e20050000SP |||||||||||||||||grc|d
020 |a 8496285270 
041 0 7 |a grc  |2 CL-VaPUC 
041 0 7 |a spa  |2 CL-VaPUC 
082 0 4 |a 185  |b ARI  |2 21 
100 |a Aristóteles,  |d 384 a.C.- 322 a.C.  |e author  |9 194 
245 1 0 |a Constitución de los atenienses 
300 |a 244 p 
942 |c BK 
945 |d 20130411 00:00:00  |a dcastane 
260 |a Madrid  |b Abada Editores  |c 2005 
650 7 |a CONSTITUCION DE ATENAS  |2 CL-VaPUC  |9 387640 
650 7 |a ESCUELA ARISTOTELICA  |2 CL-VaPUC  |9 387639 
650 0 |a Ciencia política  |9 324218 
583 |a last modification  |c 20130411 10:22:00  |k Rodrigo Vera 
999 |c 351397  |d 351395 
952 |0 0  |1 0  |4 0  |6 185_000000000000000_ARI_2005  |7 0  |8 A  |9 455478  |a BIBEDU  |b BIBEDU  |d 2019-11-22  |i 4962346  |l 2  |m 3  |o 185 ARI 2005  |p 4962346  |r 2023-06-02  |s 2023-05-19  |w 2019-11-22  |y BK  |k FIL